La Reinserción internacional de Chile: la política exterior del gobierno democrático marzo - diciembre 1990

Salvato in:
Dettagli Bibliografici
Ente Autore: FLACSO
Natura: testo
Pubblicazione: Santiago: FLACSO
Tags: Aggiungi Tag
Nessun Tag, puoi essere il primo ad aggiungerne!!

MARC

LEADER 00000 a a2200000 04500
001 24209
003
040
090 |a 171600  
110 |a FLACSO  
245 |a La Reinserción internacional de Chile: la política exterior del gobierno democrático marzo - diciembre 1990  
260 |a Santiago:   |b FLACSO  
300 |a 7 p  
999 |c 9054  |d 9054